LDR 01262nam a2200241 a 4500 001 000000037503 003 CaOOAMICUS 005 20140707142004.0 008 980407s1893 it u000 u ita r 035 $a10789576 040 $aPUL(R)$bita 100 1 $aParlati, Francesco E.$0(OLS)http://pul/name/28124 245 10$aSulla precedenza obbligatoria del matrimoni civile al matrimonio religioso :$bconferenza detta il 12 marzo 1893 promossa dal "Circolo cattolico per gl'interessi di Napoli" /$cF. E. Parlati. 260 $aNapoli :$bM. Savastano,$c1893. 300 $a26 p. ;$c23 cm 650 4$aMatrimonio (diritto).$0(OLS)http://pul/subject/800 850 $aPUL 852 $aPUL$W1$xDP1 Antico 800$y27$m152 B 7$j51209$nBK-PRI$qStampati Antico$B51209$CPULBib$Z2$F51209 $H1618 $82 941 1 $a15 960 $aDiritto matrimoniale$9800 961 $aLegatura in stoffa pregiata con decori in oro. Stemma di Pio IX sul piatto anteriore. 996 $6245$aSulla precedenza obbligatoria del matrimoni civile al matrimonio religioso :$bconferenza detta il 12 marzo 1893 promossa dal "Circolo cattolico per gl'interessi di Napoli"$9(OLS)http://pul/title/51051 996 $6260$aNapoli :$bM. Savastano$9(OLS)http://pul/publisher/57759